000 00886nam a22002177a 4500
005 20150929113251.0
008 150701t2009 ch ||||| |||| 00| 0 chi d
020 _a9787210040491
020 _a7210040498
100 1 _a阿兰.米拉德 Millard, A. R.
_q(Alan Ralph)
245 1 _a《圣经》考古大发现 Sheng Jing kao gu da fa xian = Discoveries from Bible times /
_c(英) 阿兰·米拉德(Alan Millard) 著 ; 朱玉华译.
250 _a第1版
260 _aNanchang :
_b江西人民出版社,
_c2009.
300 _a339 p. ;
_c25 cm.
440 _aXin bai he wen ku.
500 _aTranslation of: Discoveries from Bible times : archaeological treasures throw light on the Bible / Alan Millard ; Oxford : Lion, 1997.
650 1 _aArchaeology and history {ch}.
650 1 _aChristian antiquities {ch}.
650 1 _aChristian art and symbolism {ch}.
942 _2lcc
_cBK
999 _c38523
_d38523